01378nam a2200241Ia 4500001001100000003001000011008004100021040002500062041001300087100001900100245005800119250001100177260006800188300001200256500026000268501011400528520026000642650001600902942000700918957000600925999004300931952016200974L410-25244IT-CnALBA170116s9999||||xx |||||||||||||| ||und|| aIT-CnALBAcIT-CnALBA aITALIANO aFANFANI PIETRO 0aIL PLUTARCO FEMMINILE. LIBRO DI LETTURA E DI PREMIO.  a3a ed. aMILANObCARRARA P. LIBR. EDUCAZ. ISTRUZ. c1893 [1° Ed.: n.d.] a295 p.  aLA REGINA AMALASUNTA. CATERINA DA SIENA. SANTA CATERINA FIESCHI. VITTORIA COLONNA. ISABELLA D'ARAGONA. SELVAGGIA BORGHINI. ANNA MORANDI. ROSALBA CARRIERA. ROSA GOVONE. CAMILLA FENAROLI. GIULIA BAITELLI. LAURA BASSI. CRISTINA ROCCATI. CLOTILDE TAMBRONI. AN aSocietà San Paolo EM - Piazza San Paolo, 14 - 12051 ALBA (CN) (non commercial uses only) ® Copyright 2017 aLA REGINA AMALASUNTA. CATERINA DA SIENA. SANTA CATERINA FIESCHI. VITTORIA COLONNA. ISABELLA D'ARAGONA. SELVAGGIA BORGHINI. ANNA MORANDI. ROSALBA CARRIERA. ROSA GOVONE. CAMILLA FENAROLI. GIULIA BAITELLI. LAURA BASSI. CRISTINA ROCCATI. CLOTILDE TAMBRONI. AN aLINGUISTICA cBK 71 a30021bSI g Copie: 1 c284347d284347 0010406L_4102524471aALBAbALBAd2017-01-16l0oL410-25244r2017-01-16 00:00:00w2017-01-16yBKz(data import: 16 gennaio 2017) - By Epidotti, Vaglietti.